000 00286nam a22001337a 4500
008 170719b xxu||||| |||| 00| 0 eng d
020 _a9780300057560
041 _aeng
080 _a2
100 _a24
101 _aTEO
245 _aFREUD'S MOSES
_cYERUSHALMI, Y.H
942 _2udc
_cBK
999 _c21628
_d21628